MESTSKÁ KNIŽNICA GIRALTOVCE  - online katalóg 

Kultúrny rozvoj Slovenska v piatej päťročnici (1971-1975) (Record no. 19177)

000 -NÁVESTIE
fixed length control field 01216nam a2200301 a 4500
008 - ÚDAJE S PEVNOU DĹŽKOU – VŠEOBECNÉ INFORMÁCIE
fixed length control field 951213s1978||||[C 0 slo c
020 ## - MEDZINÁRODNÉ ŠTANDARDNÉ ČÍSLO KNIHY (ISBN)
Údaje o dostupnosti 33 Kčs.
Qualifying information (10000 výtl.)
040 ## - ZDROJ KATALOGIZÁCIE
Pôvodná katalogizujúca agentúra SNK
Jazyk katalogizácie slo
Prepisujúca agentúra SNK
Konvencie popisu AACR2
041 1# - KÓD JAZYKA
Kód jazyka textu/zvukovej stopy alebo samostatných nápisov slo
Kód jazyka originálu a/alebo sprostredkujúcich prekladov textu slo
080 ## - ČÍSLO MEDZINÁRODNÉHO DESATINNÉHO TRIEDENIA (MDT)
Číslo Medzinárodného desatinného triedenia (MDT) 008(437.6)"1971/1975"(060.55)
044 ## - KÓD KRAJINY VYDAVATEĽA/PRODUCENTA
Kód krajiny MARC xo
Kód krajiny ISO SK
100 1# - OSOBNÉ MENÁ – VŠEOBECNÉ INFORMÁCIE
Osobné meno Fischer, Ján
Kód roly aut
245 10 - NÁZOV
Názov Kultúrny rozvoj Slovenska v piatej päťročnici (1971-1975)
Údaj o zodpovednosti atď. Ján Fischer, Pavol Paška ; Ján Fischer, Pavol Paška, Miroslav Válek, Jarmila Malecová, Tibor Hrabovský, Eva Dobrotová, Juliana Králiková, Uršula Zemanová
250 ## - ÚDAJ O PORADÍ VYDANIA
Údaj o poradí vydania 1., vyd.
260 ## - VYDAVATEĽSKÉ ÚDAJE, DISTRIBÚCIA ATĎ.
Miesto publikovania, distribúcie atď. Bratislava
Názov vydavateľa, distibútora atď. Obzor
Miesto publikovania, distribúcie atď. S.l.
Názov vydavateľa, distibútora atď. Minist. kultúry SSR v Bratislave [vyd.]
Dátum publikovania, distribúcie atď. 1978
Miesto výroby Bratislava
Výrobca Pravda
300 ## - FYZICKÝ POPIS
Rozsah 287 s., 21,95 AH
Ďalšie fyzické detaily Tb.
Rozmery 24 cm
500 ## - VŠEOBECNÁ POZNÁMKA
Formátovaná poznámka o obsahu Použ. zn. v tb. Res. rus., nem. a angl. Slovník slov.-rus.-angl.-nem. Účelová publ.
700 1# - PRIDANÝ VSTUP – OSOBNÉ MENO
Osobné meno Paška, Pavol
Kód roly aut
700 1# - PRIDANÝ VSTUP – OSOBNÉ MENO
Osobné meno Fischer, Ján
Kód roly com
700 1# - PRIDANÝ VSTUP – OSOBNÉ MENO
Osobné meno Paška, Pavol
Kód roly com
700 1# - PRIDANÝ VSTUP – OSOBNÉ MENO
Osobné meno Válek, Miroslav
Dátumy súvisiace s menom 1927-1991
Kód roly [ADC]
700 1# - PRIDANÝ VSTUP – OSOBNÉ MENO
Osobné meno Malecová, Jarmila
Kód roly bkd
700 1# - PRIDANÝ VSTUP – OSOBNÉ MENO
Osobné meno Hrabovský, Tibor
Kód roly bkd
700 1# - PRIDANÝ VSTUP – OSOBNÉ MENO
Osobné meno Dobrotová, Eva
Kód roly oth
700 1# - PRIDANÝ VSTUP – OSOBNÉ MENO
Osobné meno Králiková, Juliana
Kód roly oth
700 1# - PRIDANÝ VSTUP – OSOBNÉ MENO
Osobné meno Zemanová, Uršula
Kód roly oth
958 ## - Formálny deskriptor
Formálny deskriptor A
Holdings
Stav stiahnutia (Blokovanie) (Withrawn status) Stav straty Stav poškodenia (Damaged status) Nie pre výpožičky (Not for loan) Spôsob nadobudnutia (Collection code) Trvalé umiestnenie Aktuálne umiestnenie Dátum nadobudnutia Náklady, bežná kúpna cena Inventárne číslo (prírastkové číslo) Full call number Dátum posledného výskytu Cena s účinnosťou od Typ jednotky Koha
        Kúpa Mestská knižnica Giraltovce Mestská knižnica Giraltovce 2019-11-29 33.00 17730 I 1387 2019-11-29 2019-11-29 Odborná literatúra pre dospelých

Powered by Koha